Регионална библиотека "Любен Каравелов" - Русе

Детски атлас на България с исторически и природни забележителности (Запис номер 346719)

MARC детайли
000 -Лидер
Контролно поле с фиксирана дължина 01354nam a2200265 a 4500
003 - Код на организацията, давaща контролен номер
Контролно поле BLK
005 - Дата и час на последна редакция
Контролно поле 20240924130103.0
008 - Елементи от данни с фиксирана дължина
fixed length control field 191122b bu ||||| |||| 00| 0 bu d
020 ## - Международен стандартен номер на книга ISBN
Международен стандартен номер на книга ISBN 978-619-240-127-6
040 ## - Източник на каталожния запис
Идентификатор на билиотеката - собственик на записа BLK
041 ## - Код за език
Код за езика на текст/звукозапис или на отделно заглавие Български
Код за езика КДБФ Български
080 ## - УДК
Текстов определител УДК Социография. Социално положение. Условия на политическия и социалния живот. Социално и социално-икономическо положение на отделните страни, народи, раси. Социална география. (Общи въпроси)
УДК код - определител по УДК 308
УДК определител (497.2)(084.4)
УДК - код + определител 308(497.2)(084.4)
100 ## - Редна дума - Автор
Автор Костадинов, Костадин
Авторска отговорност първи автор
R(LIN) 1299
139 ## - Редно поле
Редна дума Костадинов, Костадин
Авторски знак Кос - К 86
245 ## - Сведения за заглавието
Заглавие Детски атлас на България с исторически и природни забележителности
Редно поле (дума) Костадин Костадинов
260 ## - Област на издателските данни
9 (RLIN) 209558
Място на издаване, разпространение и проч. София
Име на издателя, разпространителя и проч. ПАН
Година на издаване 2019
300 ## - Физическа характеристика
Страници 74 с.
Илюстрации и др. с цв. ил.
Размери/Мащаб 30 см
380 ## - Жанр
Жанр Детска отраслова лит.
650 #0 - Допълнително описание по предмет – тема
9 (RLIN) 302352
Основно описание – тема или топоним Природа - България
650 #0 - Допълнително описание по предмет – тема
9 (RLIN) 243112
Основно описание – тема или топоним Градове - България
852 ## - Местоположение
Форматна сигнатура Цб ІІ 33313
Фондова буква Хранилище
942 ## - АРТИКУЛИ
Вид на библиотечния материал Книги
Скрит в OPAC Не
Периодичен библиозапис Да
Koha issues (borrowed), all copies 31
944 ## - СЪЗДАВАНЕ И РЕДАКЦИЯ на ЗАПИСА
Създаване/Редакция Създаване
Дата на регистрацията/редакция 2019-11-22
Служител, извършил регистрацията/редакцията 30570
Статус, дата на статуса Моника Янева
944 ## - СЪЗДАВАНЕ И РЕДАКЦИЯ на ЗАПИСА
Създаване/Редакция Редакция
Служител, извършил регистрацията/редакцията М.Я.
999 ## - СИСТЕМНИ КОНТРОЛНИ НОМЕРА
Koha biblionumber 346719
Koha biblioitemnumber 346719
Наличности
Код за отписване Код за изгубен артикул Източник на класификационната схема Код за повреда Код за отдаване Артикулен № Име на библиотеката - собственик Име на библиотеката, в която се намира в момента Статус (Текущо местоположение) Дата на вписване в системата Местоположение - отдел Цена в лева Систематично азбучна сигнатура Баркод Цена в евро Служебен тип на артикула Коз за рестрикции Инвентарен номер
  Не е изгубен Universal Decimal Classification Не е повреден заемане за дома 750221 Регионална библиотека "Любен Каравелов" Русе Регионална библиотека "Любен Каравелов" Русе Детски отдел 2019-12-03 Детски отдел 12.85 ДН 9/К 86 120000838490 6.57 Книги    
  Не е изгубен Universal Decimal Classification Не е повреден заемане за дома 750222 Регионална библиотека "Любен Каравелов" Русе Регионална библиотека "Любен Каравелов" Русе Детски отдел 2019-12-03 Детски отдел 12.85 ДН 9/К 86 120000838487 6.57 Книги    
  Не е изгубен Universal Decimal Classification Не е повреден заемане за дома 750223 Регионална библиотека "Любен Каравелов" Русе Регионална библиотека "Любен Каравелов" Русе Детски отдел 2019-12-03 Детски отдел 12.85 ДН 9/К 86 120000838488 6.57 Книги    
  Не е изгубен Universal Decimal Classification Не е повреден заемане за дома 750224 Регионална библиотека "Любен Каравелов" Русе Регионална библиотека "Любен Каравелов" Русе Детски отдел 2019-12-03 Детски отдел 12.85 ДН 9/К 86 120000838489 6.57 Книги    
  Не е изгубен Universal Decimal Classification Не е повреден заемане за дома 750225 Регионална библиотека "Любен Каравелов" Русе Регионална библиотека "Любен Каравелов" Русе Детски отдел 2019-12-03 Детски отдел 12.85 ДН 9/К 86 120000838491 6.57 Книги    
  Не е изгубен Universal Decimal Classification Не е повреден ползва се в читалня 949876 Регионална библиотека "Любен Каравелов" Русе Регионална библиотека "Любен Каравелов" Русе Хранилище 2024-09-25 Хранилище 25.90 Цб ІІ 33313 120000913246 13.24 Книги само за читалня 120000913246
Vip Innovations Ltd, Rousse, Bulgaria 2025